Seham Rajputana dar tarveej zuban-o-adbiyat Farsi az qaran 17 aali 19 m (Contribution of Rajputana in promotion of Persian language adn Literature from 17th to 19th century) (Record no. 1849969)

MARC details
000 -LEADER
fixed length control field 00762nam a2200241Ia 4500
005 - DATE AND TIME OF LATEST TRANSACTION
control field 20260430150520.0
008 - FIXED-LENGTH DATA ELEMENTS--GENERAL INFORMATION
fixed length control field 008 250103s9999 xx 000 0 eng d
037 ## - SOURCE OF ACQUISITION
Stock number Theses
040 ## - CATALOGING SOURCE
Original cataloging agency CRL
040 ## - CATALOGING SOURCE
Language of cataloging eng
040 ## - CATALOGING SOURCE
Transcribing agency eng
041 ## - LANGUAGE CODE
Source of code eng
041 ## - LANGUAGE CODE
Language code of text/sound track or separate title eng
084 ## - COLON CLASSIFICATION NUMBER
Assigning agency CRL
100 ## - MAIN ENTRY--PERSONAL NAME
Personal name Sunita Kumari Au.; Shah Ali Akbar Gu.
9 (RLIN) 1237730
245 #0 - TITLE STATEMENT
Title Seham Rajputana dar tarveej zuban-o-adbiyat Farsi az qaran 17 aali 19 m (Contribution of Rajputana in promotion of Persian language adn Literature from 17th to 19th century)
260 ## - PUBLICATION, DISTRIBUTION, ETC.
Date of publication, distribution, etc. 2023
300 ## - PHYSICAL DESCRIPTION
Extent 286p.
650 ## - SUBJECT ADDED ENTRY--TOPICAL TERM
Topical term or geographic name entry element Persian Language; Persian Literature
9 (RLIN) 868515
700 ## - ADDED ENTRY--PERSONAL NAME
Personal name University of Delhi. Faculty of Arts. Dept. of Persian
942 ## - ADDED ENTRY ELEMENTS (KOHA)
Koha item type Thesis
Holdings
Withdrawn status Lost status Damaged status Not for loan Home library Current library Date acquired Total Checkouts Barcode Date last seen Price effective from Koha item type
        Central Library Central Library 2026-04-30   TH0027235 2026-04-30 2026-04-30 Thesis
Copyright @ Delhi University Library System